| 000 | 00487nam a2200181Ia 4500 | ||
|---|---|---|---|
| 008 | 240925s9999 xx 000 0 und d | ||
| 020 | _a9788126559091 | ||
| 082 | _a005.133 STE | ||
| 100 | _aStephens, Rod | ||
| 245 | 0 | _aC# 24-Hour Trainer | |
| 250 | _a2nd | ||
| 260 |
_aNew Delhi: _bJohn Wiley and Sons _c,2016. |
||
| 300 |
_a187p. _b0 _fOriginal |
||
| 500 | _aIncludes Index | ||
| 600 | _aComputer Science | ||
| 650 | _aComputer science, information & general works | ||
| 942 | _cBK | ||
| 999 |
_c13802 _d13802 |
||